The Witcher Signs - Statistics

General Stats
  • This quiz has been taken 120 times
  • The average score is 5 of 5
Answer Stats
Hint Answer % Correct
Fire Igni
97%
Blast Aard
96%
Protection Quen
92%
Magic Trap Yrden
90%
Influence Axii
86%
No matching quizzes found
Score Distribution
Percent of People with Each Score
Percentile by Number Answered
Your Score History
You have not taken this quiz